Your first 840 words in Japanese : learn and perfect all 840 Japanese N5 vocabulary words /

Detaylı Bibliyografya
Asıl Yazarlar: Tamaki, Hikaru (Yazar), Bernhart, Andrey (Yazar)
Materyal Türü: Kitap
Dil:Japanese
English
Baskı/Yayın Bilgisi: Schlins, Austria : Buchblick Verlag, c2024.
Konular:
Classic Catalogue: View this record in Classic Catalogue
LEADER 02108nam a22003257a 4500
001 44964
003 BD-DhAAL
005 20251021171435.0
008 251021t2024 au ||||| |||| 00| 0 jpn d
020 |a 9798329618785 (paperback) 
040 |a BD-DhAAL  |c BD-DhAAL 
041 |a jpn  |a eng 
082 |a 495.682421  |2 23 
100 |a Tamaki, Hikaru,  |e author.  |9 59226 
245 |a Your first 840 words in Japanese :  |b learn and perfect all 840 Japanese N5 vocabulary words /  |c Hikaru Tamaki, Andrey Bernhart. 
260 |a Schlins, Austria :  |b Buchblick Verlag,  |c c2024. 
300 |a 238 pages ;  |c 28 cm 
526 |a CSE  |x Annajiat Alim Rasel Senior Lecturer Department of Computer Science and Engineering BRAC University Course Name : Japanese Language and General for ITEE (JPN 101) 
541 |a Hye Trade International  |e 44964, 44965 
650 |a Japanese language  |x Vocabulary  |v Study guides.  |9 59270 
650 |a Japanese language  |x Writing  |v Problems, exercises, etc.  |9 59703 
650 |a Japanese language  |v Textbooks for foreign speakers  |x English.  |9 59285 
650 |a Japanese language  |x Grammar.  |9 59307 
650 |a Japanese language  |v Self-instruction.  |9 59616 
700 |a Bernhart, Andrey,  |e author.  |9 59287 
852 |a Ayesha Abed Library  |c General Stacks 
942 |c BK  |2 ddc 
999 |c 47491  |d 47491 
952 |0 0  |1 0  |2 ddc  |4 0  |6 495_682421000000000_TAM  |7 0  |9 78379  |a BRACUL  |b BRACUL  |c GEN  |d 2025-10-19  |e Hye Trade International  |g 4588.00  |l 0  |o 495.682421 TAM  |p 3010044965  |r 2025-10-19  |t 2  |v 9176.00  |w 2025-10-19  |y BK  |x Requisitioned by Annajiat Alim Rasel (Senior Lecturer, Department of Computer Science and Engineering, BRAC University) for the course named - 'Japanese Language and General for ITEE (JPN 101)' 
952 |0 0  |1 0  |2 ddc  |4 0  |6 495_682421000000000_TAM  |7 0  |9 78380  |a BRACUL  |b BRACUL  |c NEW  |d 2025-10-19  |e Hye Trade International  |g 4588.00  |l 1  |m 4  |o 495.682421 TAM  |p 3010044964  |r 2025-11-19  |s 2025-10-23  |t 1  |v 9176.00  |w 2025-10-19  |y BK  |x Requisitioned by Annajiat Alim Rasel (Senior Lecturer, Department of Computer Science and Engineering, BRAC University) for the course named - 'Japanese Language and General for ITEE (JPN 101)'